[Event "ch-ARG s/f"]
[Site "Buenos Aires ARG"]
[Date "2006.03.25"]
[Round "6"]
[White "Demaria,J"]
[Black "Perdomo,L"]
[Result "0-1"]
[WhiteElo "2273"]
[BlackElo "2343"]

1.d4 Nf6 2.Bg5 e6 3.e4 c5 4.e5 h6 5.Bc1 Nh7 6.c3 Nc6 7.Be3 cxd4 8.cxd4 d6
9.exd6 Bxd6 10.Nf3 O-O 11.Nc3 b6 12.Bd3 Nf6 13.O-O Nb4 14.Bb1 Bb7 15.Ne5 Rc8
16.Ng4 Nxg4 17.Qxg4 f5 18.Qh3 Nd5 19.Nxd5 Bxd5 20.Bd3 Qf6 21.Rfd1 Rc7 22.f4 g5
23.Qg3 Rg7 24.fxg5 Qe7 25.Bf4 Bxf4 26.Qxf4 Rxg5 27.Rd2 Qg7 28.Bf1 Rg4 29.Qe5 Qxe5
30.dxe5 Re4 31.Re2 Rc8 32.Rxe4 Bxe4 33.Rd1 Bd5 34.a3 Rc2 35.b4 Kf7 36.h3 Kg6
37.Kh2 Ra2 38.Rd3 f4 39.Rc3 f3 40.Bd3+ Kg5 41.Bc4 Rxg2+ 42.Kh1 f2  0-1

[Event "TCh-NED 2005-6"]
[Site "Netherlands NED"]
[Date "2006.03.25"]
[Round "8"]
[White "Clijsen,M"]
[Black "Bosboom,M"]
[Result "0-1"]
[WhiteElo "2133"]
[BlackElo "2402"]

1.d4 Nf6 2.Bg5 e6 3.e3 h6 4.Bh4 c5 5.c3 b6 6.Nd2 Bb7 7.Ngf3 Be7 8.Bd3 d6
9.Qe2 g5 10.Bg3 g4 11.Nh4 h5 12.f3 Nc6 13.O-O-O Nd5 14.Qf2 cxd4 15.exd4 Rc8
16.Kb1 gxf3 17.Rhf1 b5 18.Qxf3 Rf8 19.Qf2 Qa5 20.Nb3 Qa4 21.Qe2 a6 22.Rxf7 Rxf7
23.Bg6 Nd8 24.Rf1 Nf6 25.Bxd6 Qc4 26.Qf2 Be4+ 27.Ka1 Bxg6 28.Nxg6 Ng4  0-1

[Event "Sozina Open"]
[Site "Bar SCG"]
[Date "2006.03.26"]
[Round "9"]
[White "Nikolov,M"]
[Black "Lapcevic,M"]
[Result "1-0"]
[WhiteElo "2446"]
[BlackElo "2282"]

1.d4 Nf6 2.Bg5 e6 3.e4 h6 4.Bxf6 Qxf6 5.c3 d6 6.Bd3 Be7 7.Ne2 e5 8.O-O O-O
9.f4 exd4 10.cxd4 Bg4 11.Nbc3 c6 12.Bc2 Na6 13.Qd3 g6 14.e5 Qg7 15.Qg3 Nb4
16.Be4 Be6 17.a3 Nd5 18.Bxd5 cxd5 19.Rad1 f6 20.f5 gxf5 21.exd6 Qxg3 22.Nxg3 Bxd6
23.Nxf5 Rad8 24.Nxh6+ Kg7 25.Nf5+ Kg6 26.Nxd6 Rxd6 27.Rd2 Bf5 28.Re1 Rd7
29.h3 Kg7 30.g4 Bg6 31.Kg2 Rc8 32.Kg3 Rc4 33.h4 Bf7 34.Re3 b6 35.Kf4 a6 36.h5 b5
37.Ne2 Kf8 38.b3 Rcc7 39.Rc3 Rxc3 40.Nxc3 Kg7 41.Re2 Rb7 42.Re3 b4 43.axb4 Rxb4
44.Ne2 Bg8 45.Re7+ Kf8 46.Ra7 Rxb3 47.Ng3 Rb6 48.Nf5 Be6 49.h6 Bxf5 50.Ra8+  1-0

[Event "22nd Spring Festival Open"]
[Site "Budapest HUN"]
[Date "2006.03.28"]
[Round "6"]
[White "Hoang Tri"]
[Black "Rajnai,I"]
[Result "1-0"]
[WhiteElo "2193"]
[BlackElo "1982"]

1.d4 Nf6 2.Bg5 e6 3.e4 d6 4.Nd2 Be7 5.Ngf3 Nbd7 6.Bd3 h6 7.Bh4 c5 8.c3 O-O
9.O-O b6 10.Qe2 Bb7 11.Rfd1 Nh5 12.Bg3 Nxg3 13.hxg3 Qc7 14.Rac1 Rae8 15.e5 f5
16.Bb1 dxe5 17.dxe5 Nb8 18.Nc4 Rd8 19.Nh4 Qc6 20.f3 Kf7 21.f4 g6 22.Nf3 Ba6
23.Bd3 Kg7 24.Nd6 Bxd3 25.Rxd3 Rd7 26.Rcd1 Rfd8 27.R3d2 a6 28.Ne1 Kg8 29.Qc4 Bxd6
30.Qxe6+ Kh7 31.Rxd6 Rxd6 32.Rxd6 Rxd6 33.exd6 Qd7 34.Qxd7+ Nxd7 35.Nd3 Nf8
36.Ne5 Ne6 37.Nc6 Nf8 38.Nb8 Ne6 39.Nxa6 Kg7 40.Nc7 Nd8 41.Nd5 b5 42.Nc7 b4
43.cxb4 cxb4 44.b3 Kf7 45.Nd5 Nc6 46.d7 Ke6 47.Nxb4 Nd8 48.Nd3 g5 49.Nc5+  1-0

[Event "FSGM April"]
[Site "Budapest HUN"]
[Date "2006.04.01"]
[Round "1"]
[White "Hoang Thanh Trang"]
[Black "Hera,I"]
[Result "1/2-1/2"]
[WhiteElo "2480"]
[BlackElo "2443"]

1.d4 Nf6 2.Bg5 e6 3.Nd2 c5 4.Ne4 Qa5+ 5.Bd2 Qb6 6.Nxf6+ gxf6 7.Bc3 cxd4 8.Bxd4 Bc5
9.Nf3 Bxd4 10.Qxd4 Qxd4 11.Nxd4 a6 12.e4 b6 13.f3 Bb7 14.Bc4 Nc6 15.Rd1 Ke7
16.c3 Rhg8 17.Kf2 Ne5 18.Be2 Rad8 19.Rhe1 h5 20.Nc2 Ng6 21.Ne3 Nf4 22.Bf1 h4
23.a4 Rg5 24.g3 hxg3+ 25.hxg3 Nh5 26.g4 Nf4 27.Nc4 Bc6 28.Ke3 Ng6 29.Nxb6 Rb8
30.Nc4 Bxa4 31.Rd2 Rc5 32.Na3 Ne5 33.Bxa6 Rxb2 34.Rxb2 Rxc3+ 35.Ke2 Rxa3
36.Rf1 Bc6 37.Bb5 Ra2  1/2-1/2

[Event "Liguilla Absoluta"]
[Site "Lima PER"]
[Date "2006.04.02"]
[Round "3"]
[White "Cordova,Em"]
[Black "Nina,M"]
[Result "1-0"]
[WhiteElo "2429"]
[BlackElo "2333"]

1.d4 Nf6 2.Bg5 e6 3.e4 h6 4.Bxf6 Qxf6 5.e5 Qd8 6.Nf3 d5 7.c4 Be7 8.Nc3 b6
9.cxd5 exd5 10.Bb5+ c6 11.Ba4 O-O 12.O-O Be6 13.Rc1 c5 14.Bc2 Nc6 15.Ne2 c4
16.Bb1 Qd7 17.Nf4 g6 18.Rc3 Kg7 19.Ne1 Rh8 20.Rg3 Rag8 21.Bxg6 Kf8 22.Bh5 Bf5
23.Bf3 Rxg3 24.hxg3 Be6 25.Nxe6+ fxe6 26.Bh5 Rh7 27.Nc2 Nb4 28.Ne3 Nxa2 29.Qb1 Bg5
30.f4 Kg8 31.fxg5 hxg5 32.Ng4  1-0

[Event "XXIX Open"]
[Site "Donostia San Sebastian ESP"]
[Date "2006.04.08"]
[Round "1"]
[White "Del Rey,D"]
[Black "Aizpurua Zubiria,I"]
[Result "1-0"]
[WhiteElo "2431"]
[BlackElo "1748"]

1.d4 Nf6 2.Bg5 e6 3.e4 Be7 4.Bd3 Nc6 5.c3 d6 6.Ne2 h6 7.Bh4 Nh5 8.Bxe7 Qxe7
9.O-O O-O 10.f4 Nf6 11.e5 Ne8 12.Nd2 f5 13.b4 a6 14.Nb3 b5 15.Re1 d5 16.a4 bxa4
17.Rxa4 g5 18.Nc5 Nb8 19.b5 a5 20.Qa1 g4 21.Rxa5 Rxa5 22.Qxa5 Nd7 23.Qb4 Nb6
24.Ra1 Ng7 25.Ra7 Rd8 26.Na6 Qh4  1-0

[Event "7th ch-Euro w"]
[Site "Kusadasi TUR"]
[Date "2006.04.08"]
[Round "5"]
[White "Juergens,V"]
[Black "Makka,I"]
[Result "1-0"]
[WhiteElo "2330"]
[BlackElo "2198"]

1.d4 Nf6 2.Bg5 e6 3.e4 h6 4.Bxf6 Qxf6 5.Qd2 d6 6.Nc3 g6 7.f4 Bg7 8.Nf3 a6
9.a4 b6 10.Be2 Bb7 11.Rd1 Nd7 12.O-O O-O 13.e5 Qd8 14.d5 exd5 15.Nxd5 dxe5
16.fxe5 Nc5 17.c4 Ne6 18.Qe3 Qe8 19.b3 Bxd5 20.cxd5 Nc5 21.Bc4 Qe7 22.d6 cxd6
23.Rxd6 Nd7 24.Rxg6 Kh7 25.Rc6 Nxe5 26.Nxe5 Qxe5 27.Rxh6+ Kg8 28.Qxe5 Bxe5
29.Rg6+ Kh7 30.Rg4 f5 31.Bd3 Kh6 32.Bxf5 Rf6 33.Bd3  1-0

[Event "TCh-HUN 2005-6"]
[Site "Hungary HUN"]
[Date "2006.04.09"]
[Round "10"]
[White "Honos,A"]
[Black "Ballai,Z"]
[Result "1-0"]
[WhiteElo "2323"]
[BlackElo "2306"]

1.d4 Nf6 2.Bg5 e6 3.e4 h6 4.Bxf6 Qxf6 5.Nf3 b6 6.e5 Qd8 7.Bd3 d5 8.c3 Qd7
9.O-O Ba6 10.Bxa6 Nxa6 11.Qe2 Nb8 12.c4 c6 13.Nc3 Be7 14.Rac1 O-O 15.Rc2 a5
16.Na4 Bd8 17.b3 dxc4 18.Rxc4 Qd5 19.Nc3 Qd7 20.Ne4 Be7 21.Rfc1 Rc8 22.g4 g6
23.g5 hxg5 24.Nfxg5 Kg7 25.Qf3 Bxg5 26.Nxg5 Qe7 27.Ne4 Rh8 28.Nf6 Ra7 29.R4c3 Rh4
30.Rd3 Qd8 31.Qe3 Qh8 32.h3 Qh6 33.Kg2 Qxe3 34.fxe3 Kf8 35.Kg3 Rh8 36.Ne4 Ke7
37.Rdc3 Rd8 38.Rf1 Rc7 39.Rfc1 Ra7 40.R3c2 Rad7 41.Rf1 Kf8 42.Ng5 Re7 43.Rf4 Ke8
44.Rcf2 Rdd7 45.Ne4 Rc7 46.Rh4 Kd7 47.Rh8 Rc8 48.Rxc8 Kxc8 49.Nd6+ Kd7 50.Nxf7 c5
51.Nd6 cxd4 52.exd4 Nc6 53.Nb5 Nb4 54.Kg4 Nd5 55.Kg5 Rh7 56.Rf3 Ne7 57.Nd6 Rh5+
58.Kf6 Rh4 59.Kg7 Nf5+ 60.Nxf5 gxf5 61.d5 Rd4 62.d6 Rh4 63.Rc3 f4 64.Kf6 f3
65.Rxf3 Rh5 66.a4  1-0

[Event "7th ch-Euro"]
[Site "Kusadasi TUR"]
[Date "2006.04.10"]
[Round "7"]
[White "Williams,Si"]
[Black "Vehi Bach,V"]
[Result "1-0"]
[WhiteElo "2452"]
[BlackElo "2385"]

1.d4 Nf6 2.Bg5 e6 3.e4 h6 4.Bxf6 Qxf6 5.Nc3 Bb4 6.Qd3 O-O 7.e5 Qe7 8.f4 d6
9.O-O-O Bxc3 10.Qxc3 b6 11.Qf3 c6 12.Bd3 Ba6 13.Bxa6 Nxa6 14.Qxc6 dxe5 15.dxe5 Nb4
16.Qd6 Qxd6 17.exd6 Nxa2+ 18.Kb1 Nb4 19.Nf3 Nd5 20.Rd4  1-0

[Event "ch-CUB KO 3rd-4th"]
[Site "Santa Clara CUB"]
[Date "2006.04.10"]
[Round "3.1"]
[White "Corrales,Fi"]
[Black "Quezada,Y"]
[Result "1/2-1/2"]
[WhiteElo "2493"]
[BlackElo "2512"]

1.d4 Nf6 2.Bg5 e6 3.Nf3 h6 4.Bxf6 Qxf6 5.e4 d5 6.Nbd2 c5 7.Bb5+ Bd7 8.Qe2 dxe4
9.Nxe4 Qd8 10.Bxd7+ Nxd7 11.d5 Qb6 12.O-O-O O-O-O 13.Nc3 Bd6 14.Rhe1 Rhe8
15.Qc4 Qb4 16.Qxb4 cxb4 17.Nb5 Bc5 18.dxe6 Rxe6 19.Rxe6 fxe6 20.Nbd4 Nf8
21.c3 bxc3 22.bxc3 Rd6 23.Re1 a6 24.Re4 Bxd4 25.Nxd4 Kd7 26.a4 Rd5 27.Kc2 g6
28.h4 Ke7 29.Ne2 Rc5 30.Nf4 Rc6 31.Nd5+ Kf7 32.Nb4 Rc7 33.Nd3 Nd7 34.Rb4 Kf6
35.f3 a5 36.Rd4 b6 37.Nf2 Ke7 38.Ne4 Rc6 39.Nf2 Nf6 40.Kb3 Nd7 41.Ng4 Nc5+
42.Kc2 Rd6 43.Rc4 h5 44.Nf2 e5 45.Ne4 Nxe4 46.Rxe4 Kf6 47.f4 exf4 48.Rxf4+ Ke5
49.Rf3 Ke6 50.Rf4  1/2-1/2

[Event "FSGM April"]
[Site "Budapest HUN"]
[Date "2006.04.11"]
[Round "11"]
[White "Sendur,A"]
[Black "Kristjansson,St"]
[Result "0-1"]
[WhiteElo "2411"]
[BlackElo "2480"]

1.d4 Nf6 2.Bg5 e6 3.e4 h6 4.Bxf6 Qxf6 5.c3 d6 6.Bd3 Qg5 7.Kf1 Nc6 8.h4 Qf6
9.Na3 Bd7 10.Nb5 Qd8 11.Qc2 e5 12.d5 Nb8 13.f3 Be7 14.h5 O-O 15.c4 Na6 16.a3 Nc5
17.Ne2 f5 18.Nbc3 f4 19.Rb1 Be8 20.b4 Nd7 21.Nc1 Nf6 22.Nb3 Nxh5 23.Ne2 Bh4
24.c5 g5 25.b5 g4 26.Rc1 gxf3 27.gxf3 Rf7 28.Rh3 Bd7 29.Rh2 Rg7 30.Na5 Qg5  0-1

[Event "XXXVII Open"]
[Site "Mar del Plata ARG"]
[Date "2006.04.11"]
[Round "5"]
[White "Rodi,L"]
[Black "Duarte,L"]
[Result "0-1"]
[WhiteElo "2236"]
[BlackElo "2374"]

1.d4 Nf6 2.Bg5 e6 3.e4 h6 4.Bxf6 Qxf6 5.c3 b6 6.Bd3 Bb7 7.Ne2 c5 8.O-O Nc6
9.f4 cxd4 10.e5 Qe7 11.cxd4 Qb4 12.Be4 d5 13.exd6 Qxd6 14.Nbc3 Be7 15.d5 exd5
16.Bxd5 Rd8 17.Kh1 O-O 18.Bf3 Qc5 19.Qe1 Ba6 20.Rc1 Nb4 21.Nd5 Nxd5 22.Rxc5 Bxc5
23.Qg3 Ne3 24.Rb1 Rd2 25.Nc3 Bd3 26.Qe1 Nc4 27.Ne4 Bxb1 28.Nxd2 Bxa2 29.Bd5 Bb4
30.Qa1 Re8 31.Nf3 Rd8 32.Qxa2 Rxd5 33.Qb3 Bc5 34.Ne5 Ne3 35.Nd3 Bd4 36.g4 Ra5
37.h3 Ra1+ 38.Kh2 Nf1+ 39.Kg2 Nd2  0-1

[Event "7th ch-Euro"]
[Site "Kusadasi TUR"]
[Date "2006.04.14"]
[Round "10"]
[White "Winants,L"]
[Black "Iordachescu,V"]
[Result "1/2-1/2"]
[WhiteElo "2535"]
[BlackElo "2592"]

1.d4 Nf6 2.Bg5 e6 3.e4 c5 4.e5 h6 5.Bc1 Nd5 6.c4 Nb6 7.dxc5 Bxc5 8.Nc3 Nc6
9.Ne4 Bb4+ 10.Bd2 Qh4 11.Qe2 Bxd2+ 12.Nxd2 Qd4 13.Ndf3 Qc5 14.O-O-O a5 15.h4 a4
16.Qe3 Qxe3+ 17.fxe3 Ra5 18.Kd2 Nxe5 19.Nxe5 Rxe5 20.b4 axb3 21.axb3 Ra5
22.Kc3 Ke7 23.Kb4 Ra2 24.Ne2 d6 25.Nc3 Ra6 26.Rxd6 Nd5+ 27.Rxd5 exd5 28.Nxd5+ Kd6
29.Be2 Ke5 30.Bf3 Rd8 31.h5 Bf5 32.Rh4 Rad6 33.Rf4 g5 34.hxg6 Bxg6 35.Rh4 b5
36.Ne7 bxc4 37.bxc4 Kf6 38.Nxg6 fxg6 39.Rxh6 Re6 40.c5 Rb8+ 41.Kc4 Rxe3 42.Rh1 Ra3
43.Re1 g5 44.c6 g4 45.Bd5 Ra4+ 46.Kc5 Ra5+ 47.Kc4 Ra4+ 48.Kc5 Ra5+ 49.Kc4 Rd8
50.Rf1+ Kg5 51.Be6 Ra2 52.Kb3 Ra7 53.Rf5+ Kh4 54.Rf4 Rg7 55.Kc4 Rd6 56.Rxg4+ Rxg4+
57.Bxg4 Kxg4 58.Kc5 Rd1 59.c7 Rc1+ 60.Kd6  1/2-1/2

[Event "17th Pobeskydi Arcimpex Cup"]
[Site "Frydek Mistek CZE"]
[Date "2006.04.15"]
[Round "6"]
[White "Pisk,P"]
[Black "Vesselovsky,S"]
[Result "1-0"]
[WhiteElo "2357"]
[BlackElo "2390"]

1.d4 Nf6 2.Bg5 e6 3.e4 h6 4.Bxf6 Qxf6 5.c3 d6 6.Bd3 e5 7.Ne2 g6 8.O-O Bg7
9.f4 Qe7 10.Nd2 O-O 11.Nf3 Nc6 12.Qb3 Kh8 13.Rae1 Rb8 14.h3 Bd7 15.d5 Nd8
16.Qa3 a6 17.fxe5 Bxe5 18.Nxe5 Qxe5 19.Nf4 Kg7 20.Qa5 Rc8 21.Qb4 b5 22.Qd4 c5
23.Qf2 c4 24.Qa7 Bc6 25.dxc6 Nxc6 26.Qf2 cxd3 27.Nxd3 Qg5 28.Re3 Ne5 29.Nf4 Nc4
30.Rd3 Qc5 31.Rd4 Nb6 32.Kh1 Rce8 33.Nd3 Qg5 34.Rxd6 Nc4 35.Rd7 Re7 36.h4 Rxd7
37.hxg5 Rxd3 38.Qf6+ Kh7 39.gxh6 Rg8 40.Qxf7+ Kh8 41.Qf6+ Kh7 42.Qe7+ Kxh6
43.Rf7 Kh5 44.Rh7+  1-0

[Event "SAP IM"]
[Site "Walldorf GER"]
[Date "2006.04.15"]
[Round "3"]
[White "Amigues,E"]
[Black "Hess,M"]
[Result "1-0"]
[WhiteElo "2343"]
[BlackElo "2189"]

1.d4 Nf6 2.Bg5 e6 3.e3 c5 4.Nd2 cxd4 5.exd4 Be7 6.Ngf3 b6 7.c3 Ba6 8.Bxa6 Nxa6
9.O-O O-O 10.a4 Nc7 11.Qb3 d5 12.Ne5 Qd6 13.Rfe1 Rfc8 14.Nd3 Nce8 15.a5 Qc7
16.Ra2 Nd6 17.Bf4 Qd8 18.Rea1 Nd7 19.h3 g6 20.axb6 axb6 21.Ne5 Rxa2 22.Rxa2 Nxe5
23.Bxe5 Nc4 24.Nxc4 dxc4 25.Qb5 Bd6 26.Ra7 Bxe5 27.Qxe5 Rb8 28.Qf4 Qe8 29.Rc7 b5
30.Re7 Qxe7 31.Qxb8+ Qf8 32.Qxb5 Qc8 33.g3 h5 34.h4 Kh7 35.b3 cxb3 36.Qxb3 Qa8
37.Qd1 Qe4 38.c4 Qc6 39.Qd3 Qa6 40.d5 exd5 41.Qxd5 Qa1+ 42.Kg2 Qf6 43.c5 Qe7
44.c6 Kg8 45.Qc4 Qc7 46.Qc5 Kg7 47.Kf3 f6 48.Ke4 Kf7 49.Kd4 Ke8 50.Kc4 Kf7
51.Kb5 Ke8 52.Qb6 Qe5+ 53.Ka6 Qa1+ 54.Kb7 Qh1 55.Kb8  1-0

[Event "44th Doeberl Cup"]
[Site "Canberra AUS"]
[Date "2006.04.16"]
[Round "5"]
[White "Tsagarakis,A"]
[Black "Moylan,L"]
[Result "1/2-1/2"]
[WhiteElo "1917"]
[BlackElo "2127"]

1.d4 Nf6 2.Bg5 e6 3.Nf3 c5 4.c3 cxd4 5.cxd4 Bb4+ 6.Nc3 h6 7.Bxf6 Qxf6 8.e3 O-O
9.Bd3 d6 10.O-O Bxc3 11.bxc3 Qe7 12.Rb1 e5 13.e4 Nc6 14.h3 Qf6 15.Bc2 Ne7
16.Nh2 Ng6 17.Qf3 Nf4 18.Ng4 Qg5 19.Kh1 b6 20.Ne3 Ba6 21.Rfe1 Rac8 22.Nd5 Nxd5
23.exd5 exd4 24.Qe4 d3 25.Bxd3 Bxd3 26.Qxd3 Rc5 27.c4 Qf4 28.Re7 Rxc4 29.Rxa7 Rfc8
30.Qg3 Qxg3 31.fxg3 Rc1+ 32.Rxc1 Rxc1+ 33.Kh2 Rc5 34.Ra6 Rxd5 35.Rxb6 Kf8
36.a4 Ke7 37.g4 Ra5 38.Rb4 Ke6 39.Kg3 d5 40.Kf3 Ke5 41.Ke3 Rc5 42.Kd3 Rc1
43.a5 Ra1 44.Rb7 Ra3+ 45.Kc2 Rxa5 46.Rxf7 g5 47.Re7+ Kd4 48.Re6 Ra2+ 49.Kb3 Rxg2
50.Rxh6 Kd3 51.Rg6 Rg3 52.Rxg5 Ke4+ 53.Kc2 Rxh3 54.Rg8 Rh2+ 55.Kc1 Kd3 56.g5 Rh1+
57.Kb2 d4 58.g6 Rg1 59.g7 Rg2+ 60.Kb3 Rg3 61.Kb2 Rg6 62.Kc1 Rg2 63.Kb1 Rg6
64.Kb2 Rg3 65.Kc1 Rg2 66.Kb1 Kd2 67.Rd8 Rxg7 68.Rxd4+ Kc3 69.Rh4 Rg3 70.Rh8 Rg2
71.Rc8+ Kb3 72.Rb8+ Kc3  1/2-1/2

[Event "44th Doeberl Cup"]
[Site "Canberra AUS"]
[Date "2006.04.16"]
[Round "6"]
[White "Zhao Zong Yuan"]
[Black "Hoffmann,Ac"]
[Result "1-0"]
[WhiteElo "2452"]
[BlackElo "2188"]

1.d4 Nf6 2.Bg5 e6 3.e4 Be7 4.e5 Nd5 5.Bxe7 Nxe7 6.Nf3 b6 7.Bd3 d5 8.c3 Qd7
9.h4 c5 10.h5 Ba6 11.h6 g6 12.Nh2 Bxd3 13.Qxd3 Qc7 14.O-O Nf5 15.Ng4 Nd7
16.Nd2 Qd8 17.Nf3 g5 18.g3 Rg8 19.Kg2 Qe7 20.c4 dxc4 21.Qe4 O-O-O 22.Rac1 Kb8
23.d5 Rg6 24.d6 Qf8 25.Rxc4 Nxh6 26.Nxh6 Rxh6 27.Rfc1 Qe8 28.Nd4 f5 29.Nc6+ Ka8
30.Ra4 a5 31.Qe2 Nb8 32.Rxc5 Nxc6 33.Qa6+ Na7 34.Rc7  1-0

[Event "Spring NAm GMB"]
[Site "Schaumburg USA"]
[Date "2006.04.21"]
[Round "8"]
[White "Lawson,E"]
[Black "Bereolos,P"]
[Result "1/2-1/2"]
[WhiteElo "2369"]
[BlackElo "2303"]

1.d4 Nf6 2.Bg5 e6 3.e4 c5 4.d5 d6 5.Nc3 Be7 6.Nf3 O-O 7.Bf4 exd5 8.exd5 Bg4
9.h3 Bxf3 10.Qxf3 Nbd7 11.Be2 Ne8 12.O-O f5 13.Bb5 Nc7 14.Rfe1 a6 15.Bxd7 Qxd7
16.Na4 Rae8 17.Nb6 Qd8 18.Nc4 b5 19.Na5 Qd7 20.c4 Bf6 21.Qb3 Rxe1+ 22.Rxe1 Re8
23.Rxe8+ Qxe8 24.Qe3 Qxe3 25.fxe3 bxc4 26.Nxc4 Nxd5 27.Bxd6 Nb4 28.Bxc5 Nxa2
29.Kf2 Nc1 30.Bd4 Kf7 31.Ke1 Nd3+ 32.Ke2 Bxd4 33.exd4 Nf4+ 34.Kf3 Nd5 35.Ne5+ Ke6
36.Nd3 a5 37.Nc5+ Kf6 38.Nb7 a4 39.Nc5 Nb6 40.h4 g5 41.hxg5+  1/2-1/2

[Event "Open A"]
[Site "Djakovo CRO"]
[Date "2006.05.02"]
[Round "4"]
[White "Drazic,S"]
[Black "Cebalo,M"]
[Result "1/2-1/2"]
[WhiteElo "2497"]
[BlackElo "2506"]

1.d4 Nf6 2.Bg5 e6 3.Nc3 h6 4.Bxf6 Qxf6 5.e4 Bb4 6.Ne2 d6 7.a3 Ba5 8.f4 e5
9.b4 Bb6 10.Nd5 Qd8 11.Nxb6 axb6 12.dxe5 dxe5 13.Qxd8+ Kxd8 14.f5 Ke7 15.Nc3 c6
16.Bd3 Nd7 17.Kd2 Nf6 18.a4 Bd7 19.Ke3 Rhd8 20.h3 Be8 21.g4 Rd4 22.Rhb1 g5
23.fxg6 fxg6 24.a5 b5 25.Ne2 Rd6 26.Ng1 Bf7 27.Nf3 Nd7 28.h4 Be6 29.Rg1 Kd8
30.g5 h5 31.Rgc1 Ke7 32.Rf1 Bg4 33.Nd2 Be6 34.Rab1 Re8 35.Rf2 Rf8 36.Rxf8 Nxf8
37.Nf3 Nd7 38.Ra1 Bg4 39.Nd2 Nb8 40.Nb3 Na6 41.Nc5 Bc8 42.Nxa6 bxa6 43.Rf1 Rd8
44.Rf6 Rd6 45.Rf2 Rd8 46.Rf6 Rd6 47.Rf2 Rd8 48.c3 Rf8 49.Rxf8 Kxf8 50.c4 Ke7
51.Kd2 Be6 52.c5  1/2-1/2

[Event "Open A"]
[Site "Djakovo CRO"]
[Date "2006.05.03"]
[Round "5"]
[White "Doric,D"]
[Black "Stevic,H"]
[Result "1/2-1/2"]
[WhiteElo "2401"]
[BlackElo "2502"]

1.d4 Nf6 2.Bg5 e6 3.e4 h6 4.Bxf6 Qxf6 5.c3 d6 6.Bd3 Qg5 7.Nf3 Qxg2 8.Rg1 Qh3
9.Nbd2 Nc6 10.Rg3 Qh5 11.Qb3 e5 12.O-O-O g5 13.Bb5 Bd7 14.dxe5 O-O-O 15.Nc4 g4
16.Nd4 Nxe5 17.Na5 b6 18.Nac6 Nxc6 19.Nxc6 Bxc6 20.Bxc6 Qc5 21.Qa4 Qa5 22.Qxa5 bxa5
23.Rd5 h5 24.Rxa5 Bh6+ 25.Kc2 Rdg8 26.Rxh5 Kd8 27.h3 Bg7 28.Rxh8 Rxh8 29.hxg4 Rh2
30.Rf3 Ke7 31.Bd5 f6 32.g5 c6 33.gxf6+ Bxf6 34.Bxc6 Bh4 35.Bd5 Rxf2+ 36.Rxf2 Bxf2
37.a4 Kd7 38.a5 Kc7 39.Kd3 Bg1 40.Kc4 Be3 41.Kb5 Bc1 42.b4 Bd2 43.Kc4 Be1
44.e5 dxe5 45.Kb3 Bd2 46.c4 Be1 47.a6 Kb6 48.Bb7 Bf2 49.Ka4 e4 50.c5+ Bxc5
51.bxc5+ Kxc5 52.Bxe4 Kb6 53.Bd3 Kc7 54.Kb5 Kb8 55.Kc6 Kc8 56.Be4 Kb8 57.Bf3 Kc8  1/2-1/2

[Event "Open A"]
[Site "Djakovo CRO"]
[Date "2006.05.04"]
[Round "7"]
[White "Drazic,S"]
[Black "Stojanovic,Da"]
[Result "1/2-1/2"]
[WhiteElo "2497"]
[BlackElo "2492"]

1.d4 Nf6 2.Bg5 e6 3.e3 c5 4.Nd2 Be7 5.Ngf3 cxd4 6.exd4 Nc6 7.Bxf6 Bxf6 8.c3 O-O
9.Bd3 b6 10.O-O Bb7 11.Re1 Ne7 12.Be4 Bd5 13.c4 Bxe4 14.Nxe4 Ng6 15.Nxf6+ Qxf6
16.Ne5 Rfd8 17.Re3 Qe7 18.Nxg6 hxg6 19.d5 Qc5 20.b3 b5 21.Rc1 Rac8 22.Rec3 Qa3
23.h4 bxc4 24.bxc4 Qd6 25.h5 exd5 26.hxg6 Qxg6 27.Qxd5 Qe6 28.Qd4 Qf6 29.Qd5 Qe6
30.Qg5 Qf6 31.Qh5 Qg6 32.Qa5 Qb6 33.Qh5 Qg6 34.Qd1 Rc5 35.Rg3 Rg5 36.Rcc3 Rxg3
37.Rxg3 Qf6 38.Rf3 Qe6 39.Qd4 Qb6 40.c5 Qe6 41.Rg3 f6 42.Re3 Qxa2 43.c6 Qb1+
44.Kh2 Qb8+ 45.g3 dxc6 46.Qc4+ Kf8 47.Qxc6 Qd6 48.Qb7 Qd7 49.Qa6 Kg8 50.Ra3 Qf7  1/2-1/2

[Event "81st ch-ARG"]
[Site "San Luis ARG"]
[Date "2006.05.06"]
[Round "11"]
[White "Amura,C"]
[Black "Ricardi,P"]
[Result "1/2-1/2"]
[WhiteElo "2368"]
[BlackElo "2515"]

1.d4 Nf6 2.Bg5 e6 3.e4 h6 4.Bxf6 Qxf6 5.Nc3 a6 6.Qd2 c5 7.e5 Qd8 8.d5 d6
9.dxe6 Bxe6 10.O-O-O Nd7 11.exd6 Qa5 12.g3 O-O-O  1/2-1/2

[Event "FSIMB May"]
[Site "Budapest HUN"]
[Date "2006.05.09"]
[Round "4"]
[White "Brustkern,J"]
[Black "Ignacz,M"]
[Result "1/2-1/2"]
[WhiteElo "2242"]
[BlackElo "2228"]

1.d4 Nf6 2.Bg5 e6 3.e4 h6 4.Bxf6 Qxf6 5.Qd2 c5 6.c3 Qg6 7.Qe3 cxd4 8.cxd4 Bb4+
9.Nc3 Nc6 10.Nf3 O-O 11.Bd3 Qh5 12.O-O e5 13.dxe5 Bxc3 14.bxc3 Nxe5 15.Be2 d6
16.Nd4 Qh4 17.f4 Ng4 18.Bxg4 Qxg4 19.Nb5 Qd7 20.Qd3 b6 21.Nxd6 Ba6 22.Qxa6  1/2-1/2

[Event "1st Magistral Espirito Sancto"]
[Site "Vitoria BRA"]
[Date "2006.05.18"]
[Round "5"]
[White "Stamenkovic,Dr"]
[Black "Di Berardino,D"]
[Result "1-0"]
[WhiteElo "2334"]
[BlackElo "2342"]

1.d4 Nf6 2.Bg5 e6 3.Nd2 c5 4.e3 h6 5.Bh4 cxd4 6.exd4 Be7 7.Ngf3 b6 8.c3 O-O
9.Bd3 Bb7 10.O-O Nc6 11.Nc4 d6 12.Qe2 Qd7 13.Bxf6 gxf6 14.Qe4 f5 15.Qf4 Kg7
16.d5 Ne5 17.Nfxe5 dxe5 18.Qg3+ Kh7 19.dxe6 fxe6 20.Nxe5 Qe8 21.Bb5 Qh5 22.Bc6 Bxc6
23.Nxc6 Rg8 24.Qe3 Bc5 25.Nd4 e5 26.Qxe5 Bxd4 27.cxd4 Rxg2+ 28.Kxg2 Rg8+
29.Qg3 Rxg3+ 30.fxg3 Qe2+ 31.Rf2 Qe4+ 32.Kg1 Qxd4 33.Re1 Kg6 34.a3 b5 35.Rc1  1-0

[Event "ch-UKR sf"]
[Site "Alushta UKR"]
[Date "2006.05.19"]
[Round "7"]
[White "Strelnikov,S"]
[Black "Alexikov,A"]
[Result "1/2-1/2"]
[WhiteElo "2319"]
[BlackElo "2404"]

1.d4 Nf6 2.Bg5 e6 3.Nd2 h6 4.Bh4 c5 5.e3 d5 6.Ngf3 Nc6 7.c3 Be7 8.Bd3 O-O
9.O-O b6 10.Ne5 Nxe5 11.dxe5 Nd7 12.Bxe7 Qxe7 13.f4 Bb7 14.Qh5 Qe8 15.Rf3 f6
16.Bg6 Qe7 17.Qh4 Qd8 18.Qh3 Qe7 19.Qh4 Qd8  1/2-1/2

[Event "3rd All-China Games"]
[Site "Suzhou CHN"]
[Date "2006.05.22"]
[Round "5"]
[White "Du Shan"]
[Black "Li Ruofan"]
[Result "0-1"]
[WhiteElo "2399"]
[BlackElo "2391"]

1.d4 Nf6 2.Bg5 e6 3.c3 c5 4.e3 Nc6 5.Nd2 b6 6.Ngf3 Bb7 7.Bd3 Be7 8.O-O O-O
9.a3 cxd4 10.cxd4 d6 11.e4 h6 12.Be3 Ng4 13.Bf4 e5 14.Bg3 exd4 15.Nxd4 Nge5
16.Nxc6 Bxc6 17.Be2 Qd7 18.f4 Ng6 19.Bd3 Bf6 20.Rb1 Rfe8 21.Qe2 Bd4+ 22.Kh1 f5
23.Qh5 fxe4 24.Nxe4 Bxe4 25.Bxe4 Rxe4 26.Qxg6 Rae8 27.f5 Bf6 28.Bf4 Bxb2
29.Bxh6 Bf6 30.Rbd1 d5 31.Bg5 Rg4 32.Rxd5 Qa4 33.h4 Qe4 34.Rd2 Bxg5 35.hxg5 Qe3
36.Qh5 Rxg5 37.Qd1 Re4 38.g3 Qxg3 39.Rh2 Qxh2+  0-1

[Event "21st Schachtage"]
[Site "Hassloch GER"]
[Date "2006.06.03"]
[Round "3"]
[White "Eiler,J"]
[Black "Schulze,U"]
[Result "1-0"]
[WhiteElo "2116"]
[BlackElo "2317"]

1.d4 Nf6 2.Bg5 e6 3.e4 c5 4.e5 h6 5.Bc1 Ng8 6.dxc5 Bxc5 7.Qg4 Kf8 8.Qc4 Na6
9.Nd2 d5 10.exd6 Nf6 11.Nb3 Bxd6 12.Bd2 Bd7 13.Nf3 Qc7 14.Qxc7 Nxc7 15.O-O-O Ke7
16.Be1 Ba4 17.Rxd6 Kxd6 18.Bb4+ Kc6 19.Nfd4+ Kd5 20.c4+ Ke5 21.Nf3+ Kf5 22.Bd3+ Kg4
23.h3+ Kh5 24.Ne5 Bc6 25.g4+ Kh4 26.Nxc6 bxc6 27.Bd6 e5 28.Bxc7 e4 29.Bg3+ Kg5
30.Bc2 Rad8 31.Re1 h5 32.gxh5 Rhe8 33.Nd2 Rd4 34.b3 Kxh5 35.Bf4 Kh4 36.Be3 Rd7
37.Rg1 Kxh3 38.Rxg7 Re6 39.Bd1 Rdd6 40.Be2  1-0

[Event "37th Olympiad w"]
[Site "Turin ITA"]
[Date "2006.06.03"]
[Round "12"]
[White "Juergens,V"]
[Black "Franciskovic,B"]
[Result "1/2-1/2"]
[WhiteElo "2330"]
[BlackElo "2144"]

1.d4 Nf6 2.Bg5 e6 3.e4 h6 4.Bxf6 Qxf6 5.Nc3 d6 6.Qd2 c6 7.f4 e5 8.dxe5 dxe5
9.f5 Qd6 10.Qf2 Nd7 11.Nf3 Qc5 12.Qxc5 Bxc5 13.O-O-O a5 14.a4 Ke7 15.Bc4 Re8
16.Rd3 Kf8 17.Rhd1 Nf6 18.Rd8 Ng4 19.Bb3 Ne3 20.R1d3 Bd4 21.Rxe8+ Kxe8 22.Ne2 g6
23.c3 Bc5 24.fxg6 fxg6 25.Nxe5 g5 26.g3 Ng4 27.Nxg4 Bxg4 28.Nd4 Ke7 29.Bd1 Bd7
30.Rf3 Rf8 31.Kd2 Rxf3 32.Bxf3 Be6 33.Bd1 Kf6 34.Kd3 Bd6 35.Nc2 Ke5 36.Ne3 Bc5
37.h4 gxh4 38.gxh4 Be7 39.h5 Bc5 40.Ng4+ Bxg4 41.Bxg4 b6 42.Bd7 Kd6 43.Be8 Bg1
44.b4 Bh2 45.Kc4 Be5 46.Kb3 Bf6 47.c4 c5 48.bxa5 bxa5 49.Kc2 Ke5 50.Kd3 Bg5  1/2-1/2

[Event "21st Schachtage"]
[Site "Hassloch GER"]
[Date "2006.06.04"]
[Round "5"]
[White "Eiler,J"]
[Black "Voropaev,G"]
[Result "1/2-1/2"]
[WhiteElo "2116"]
[BlackElo "2271"]

1.d4 Nf6 2.Bg5 e6 3.e4 h6 4.Bxf6 Qxf6 5.c3 e5 6.Nf3 d6 7.Nbd2 Be7 8.dxe5 dxe5
9.Nc4 Nd7 10.Ne3 c6 11.Nf5 Bf8 12.Qc2 g6 13.Ne3 Bc5 14.Qd2 Qf4 15.O-O-O O-O
16.Nc4 Nf6 17.Ncxe5 Qxd2+ 18.Nxd2 Bxf2 19.Bc4 Be3 20.Rhe1 Bb6 21.Nxf7 Ng4
22.Nxh6+ Kg7 23.Nxg4 Bxg4 24.Nf3 Rae8 25.e5 Re7 26.e6 Rfe8 27.h3 Bxe6 28.Bxe6 Rxe6
29.Rxe6 Rxe6 30.Re1 Kf6 31.Rxe6+ Kxe6 32.Kd2 Kf5 33.Ke2 Kf4 34.Nh4 g5 35.Nf3 g4
36.hxg4 Kxg4 37.Ne5+ Kg3 38.Kd3  1/2-1/2